000 01615nam a22003377a 4500
001 177
003 FISKH
005 20240614091430.0
008 230302b cb ||||| |||| 00| 0 eng d
010 _a 2001035992
020 _a0439050235
020 _a9780439622776
040 _aDLC
_cDLC
_dDLC
_beng
042 _alcac
050 0 0 _aPZ7.S52865
082 0 0 _a813.6
100 1 _aShannon, David,
_d1959-
245 1 0 _aDuck on a bike /
_cby David Shannon.
260 _aNew York :
_bScholastic,
_c2002
300 _a30 unnumbered pages :
_bcolor illustrations ;
_c28 cm
505 _aH
520 _aA duck decides to ride a bike and soon influences all the other animals on the farm to ride bikes too.
521 8 _a440
_bLexile AD
521 8 _aJ
_bRaz-Plus
650 1 _aDucks
_vFiction.
650 1 _aDomestic animals
_vFiction.
650 1 _aBicycles and bicycling
_vFiction.
906 _a7
_bcbc
_corignew
_d1
_eocip
_f20
_gy-gencatlg
942 _2ddc
_cBK
_n0
999 _c177
_d177